Southville International School and Colleges
Your cart is empty.
  • Cart
  • Lists
    Public lists list_1 View all
    Your lists Log in to create your own lists
  • Log in to your account
  • Your cookies
  • Search history
Southville International School and Colleges
  • Advanced search
  • Recent comments
  • Most popular
  • Libraries

Log in to your account

Log in with GOOGLE


If you do not have an external account, but do have a local account, you can still log in:

  1. Home
  2. MARC view: Accident! /
Normal view MARC view ISBD view

Accident! / (Record no. 109955)

[ view plain ]
MARC details
000 -LEADER
fixed length control field 00679nam a2200217 a 4500
001 - CONTROL NUMBER
control field 1829
005 - DATE AND TIME OF LATEST TRANSACTION
control field 20140414131846.0
008 - FIXED-LENGTH DATA ELEMENTS--GENERAL INFORMATION
fixed length control field 010416s19uu xx 00 eng d
020 ## - INTERNATIONAL STANDARD BOOK NUMBER
International Standard Book Number 0-85097-906-4
050 ## - LIBRARY OF CONGRESS CALL NUMBER
Classification number M 363.1
Item number Y32 1991
100 ## - MAIN ENTRY--PERSONAL NAME
Personal name Yates, Irene
245 ## - TITLE STATEMENT
Title Accident! /
Statement of responsibility, etc story by Irene Yates ; illustrations by Peter Joyce.
260 ## - PUBLICATION, DISTRIBUTION, ETC. (IMPRINT)
Place of publication, distribution, etc London :
Name of publisher, distributor, etc Charles Letts Pub.,
Date of publication, distribution, etc 1991.
300 ## - PHYSICAL DESCRIPTION
Extent 32p. : ill. ; cm.
440 ## - SERIES STATEMENT/ADDED ENTRY--TITLE
Title Learning with Letts (age 6-7).
520 ## - SUMMARY, ETC.
Summary, etc Maths, english and science activities based on a lively family story.
650 ## - SUBJECT ADDED ENTRY--TOPICAL TERM
Topical term or geographic name as entry element Math activities.
650 ## - SUBJECT ADDED ENTRY--TOPICAL TERM
Topical term or geographic name as entry element English activities.
650 ## - SUBJECT ADDED ENTRY--TOPICAL TERM
Topical term or geographic name as entry element Science activities.
Holdings
Withdrawn status Lost status Damaged status Use restrictions Home library Current library Shelving location Date acquired Source of acquisition Total Checkouts Full call number Barcode Date last seen Price effective from Koha item type
        Munich Library Munich Library Main Section 12/29/2004     M 363.1 Y32 1991 M0159 04/14/2014 04/14/2014 Books

Accident! /

APA

Yates I., . (1991). Accident!. London: Charles Letts Pub.

Chicago

Yates Irene, . 1991. Accident!. London: Charles Letts Pub.

Harvard

Yates I., . (1991). Accident!. London: Charles Letts Pub.

MLA

Yates Irene, . Accident!. London: Charles Letts Pub. 1991.

  • Place hold
  • Print
  • Cite
  • Add to your cart (remove)
  • Save record
    BIBTEX Dublin Core MARCXML MARC (non-Unicode/MARC-8) MARC (Unicode/UTF-8) MARC (Unicode/UTF-8, Standard) MODS (XML) RIS
  • More searches
    Search for this title in:
    Other Libraries (WorldCat) Other Databases (Google Scholar) Online Stores (Bookfinder.com) Open Library (openlibrary.org)

Exporting to Dublin Core...

SOUTHVILLE LIBRARY

Southville International School and Colleges Library

1281 Tropical Ave. Cor. Luxembourg St., BF Homes International, Las Pinas City

Tel. No. 8256374 / 252358 Loc. 117/146

Powered by Koha